|
|
|
|
| LEADER |
00000nab a2200000 a 4500 |
| 001 |
vtls010806674 |
| 003 |
SK-MaSNL |
| 005 |
20260303132742.0 |
| 008 |
230218s1954 xo |||||||||||||||||ukr| |
| 035 |
|
|
|a (urnnbn)urn:nbn:sk:snk:ar-003h8x
|
| 035 |
|
|
|a (uuid)49f5506e-dbb5-491b-b355-41aa92edee7b
|
| 035 |
|
|
|a urn:nbn:sk:snk-ab35th
|
| 040 |
|
|
|a SNKBUCL
|b slo
|c SNKBUCL
|e AACR2
|
| 041 |
0 |
|
|a ukr
|
| 044 |
|
|
|a xo
|c SK
|
| 100 |
1 |
|
|a Farinič, Alexej,
|d 1911-1991
|4 aut
|9 8922
|
| 245 |
1 |
0 |
|a NARODN'IE SKAZKI
|c A. Farinič
|
| 773 |
0 |
|
|t Duklja : literaturno-chudožnij ta hromads'ko-polityčnyj al'manach
|g Č. 2 (1954), s. 74-98
|
| 958 |
|
|
|a OND
|
| 958 |
|
|
|a EUIPO
|
| 958 |
|
|
|a article2
|
| 999 |
|
|
|c 1952913
|d 1954843
|